El extraño

Wilson, un agente de la comisión de crímenes de guerra, está buscando a Franz Kindler, uno de los cerebros de los campos de exterminio nazis, que ha conseguido huir sin dejar huellas. Siguiendo la pista de un antiguo camarada de Kindler llega hasta Harper (Connecticut), donde es asesinado antes de p...

Full description

Bibliographic Details
Other Authors: Welles, Orson 1915-1985 (Conductor)
Format: DVD
Language:English
Published: Estados Unidos: CÍRCULO DIGITAL S.L., 2004
Subjects:

MARC

LEADER 00000ngm a22000007a 4500
001 030920
003 UAHC_CL
005 20190731064414.0
008 130506s2004 us 130 e vleng d
952 |0 0  |1 0  |4 0  |6 DVD_959  |7 0  |8 COMP  |9 92018  |a BC  |b BC  |c Referencia  |d 2019-05-06  |e DONACION  |l 0  |o DVD-959  |p 1443342  |r 2021-12-01 00:00:00  |t c.1  |w 2019-05-06  |y DVD 
999 |c 52065  |d 52065 
040 |a UAHC_CL  |c UAHC_CL  |d UAHC_CL 
245 1 3 |a El extraño  |c Orson Welles. 
260 |a Estados Unidos:  |b CÍRCULO DIGITAL S.L.,   |c 2004 
300 |a 1 videodisco (94 min.) 
500 |a Serie: Obras Maestras del Cine. 
520 |a Wilson, un agente de la comisión de crímenes de guerra, está buscando a Franz Kindler, uno de los cerebros de los campos de exterminio nazis, que ha conseguido huir sin dejar huellas. Siguiendo la pista de un antiguo camarada de Kindler llega hasta Harper (Connecticut), donde es asesinado antes de poder identificar al fugitivo. La única pista que le queda es la fascinación del criminal nazi por los relojes antiguos. 
650 0 |a Películas cinematográficas  |9 3382  |z Estados Unidos  
650 0 |a Cine negro  |9 7822 
650 0 |a Drama  |9 5 
700 |a Welles, Orson  |e dir.  |9 7823  |d 1915-1985 
900 |a DVD-959 
942 |c DVD